The Power Of Design A Force For Transforming Everything (Record no. 35306)

MARC details
000 -LEADER
fixed length control field 00359nam a22001457a 4500
003 - CONTROL NUMBER IDENTIFIER
control field OSt
005 - DATE AND TIME OF LATEST TRANSACTION
control field 20220427111300.0
008 - FIXED-LENGTH DATA ELEMENTS--GENERAL INFORMATION
fixed length control field 220427b |||||||| |||| 00| 0 eng d
020 ## - INTERNATIONAL STANDARD BOOK NUMBER
International Standard Book Number 9780978555183
040 ## - CATALOGING SOURCE
Transcribing agency HU
082 ## - DEWEY DECIMAL CLASSIFICATION NUMBER
Classification number 658.5752
100 ## - MAIN ENTRY--PERSONAL NAME
Personal name Farson
9 (RLIN) 36696
245 ## - TITLE STATEMENT
Title The Power Of Design A Force For Transforming Everything
942 ## - ADDED ENTRY ELEMENTS (KOHA)
Source of classification or shelving scheme Dewey Decimal Classification
Koha item type Books like text book referance book
Suppress in OPAC No
Holdings
Withdrawn status Lost status Source of classification or shelving scheme Damaged status Not for loan Home library Current library Shelving location Date acquired Total Checkouts Full call number Barcode Date last seen Copy number Price effective from Koha item type
    Dewey Decimal Classification     IoT Library IoT Library General Stacks 04/27/2022   658.5752/FAR/2008 IOTL0016603 04/27/2022 1 04/27/2022 Books like text book referance book
    Dewey Decimal Classification     IoT Library IoT Library General Stacks 04/27/2022   658.5752/FAR/2008 IOTL0016604 04/27/2022 2 04/27/2022 Books like text book referance book
    Dewey Decimal Classification     IoT Library IoT Library General Stacks 04/27/2022   658.5752/FAR/2008 IOTL0016605 04/27/2022 3 04/27/2022 Books like text book referance book
    Dewey Decimal Classification     IoT Library IoT Library General Stacks 04/27/2022   658.5752/FAR/2008 IOTL0016606 04/27/2022 4 04/27/2022 Books like text book referance book
    Dewey Decimal Classification     IoT Library IoT Library General Stacks 04/27/2022   658.5752/FAR/2008 IOTL0016607 04/27/2022 5 04/27/2022 Books like text book referance book
    Dewey Decimal Classification     IoT Library IoT Library General Stacks 04/27/2022   658.5752/FAR/2008 IOTL0016608 04/27/2022 6 04/27/2022 Books like text book referance book
    Dewey Decimal Classification     IoT Library IoT Library General Stacks 04/27/2022   658.5752/FAR/2008 IOTL0016609 04/27/2022 7 04/27/2022 Books like text book referance book